Czy znasz wszystkie postacie z rainbow friends - Statystyki

Ogólne statystyki
  • Ten quiz został rozwiązany 373 razy
  • Średni wynik to 6 z 7
Statystyki odpowiedzi
Obrazkowy Odpowiedź % Poprawnych
Blue
99%
Green
87%
Orange
86%
Red
85%
Purple
80%
Yellow
80%
Cyan
73%
Nie znaleziono quizów pasujących do podanych kryteriów
Rozkład punktacji
Procent ludzi z każdym wynikiem
Percentyl według liczby udzielonych odpowiedzi
Twoja historia wyników
Nie rozwiązałeś tego quizu